Pays Frontaliers dont les Capitales sont les plus Éloignées - Statistiques

Statistiques générales
  • Ce quiz a été pris 24 576 fois
  • Le résultat moyen est 18 sur 27
Statistiques - réponses
Pays % Correct
Russie
95%
Chine
94%
Brésil
92%
France
92%
États-Unis
87%
Inde
86%
Mongolie
83%
Mexique
79%
Kazakhstan
74%
Corée du Nord
72%
Colombie
68%
Pakistan
67%
Népal
66%
Suriname
66%
Pérou
64%
Venezuela
61%
Afghanistan
57%
Laos
56%
Tadjikistan
56%
Bhoutan
54%
Kirghizistan
54%
Birmanie
50%
Algérie
44%
Indonésie
43%
Mali
36%
Mauritanie
30%
Papouasie-Nouvelle-Guinée
29%
Aucun quiz correspondant
Distribution des résultats
% des personnes avec chaque résultat
Percentile par nombre de réponses
Votre historique - résultats
Vous n’avez pas pris ce quiz